Matemàtiques : accés universitat : Centre de Formació d'Adults Can Batlló : continguts : trigometria : geometria en el pla : funcions : derivades accés universitat :
Publicado:
Barcelona :
Diputació de Barcelona. Àrea d'Educació. Gerència de serveis d'Educació, [s.a.]
Descripción Física:
29 cm
Materias:
Matemàtica -- Problemes, exercicis, etç
MARC
| LEADER | 00000nam a2200000Ia 4500 | ||
|---|---|---|---|
| 001 | 23825 | ||
| 008 | 160829s9999 xx 000 0 cat d | ||
| 080 | |a Bib-63 | ||
| 245 | |a Matemàtiques : |b accés universitat : |b Centre de Formació d'Adults Can Batlló : |b continguts : |b trigometria : |b geometria en el pla : |b funcions : |b derivades | ||
| 260 | |a Barcelona : |b Diputació de Barcelona. Àrea d'Educació. Gerència de serveis d'Educació, [s.a.] | ||
| 300 | |a 29 cm | ||
| 590 | |a En la coberta: Continguts : Trigonometria. Geometria en el pla. Funcions. Derivades | ||
| 650 | |a Matemàtica |x Problemes, exercicis, etç |9 50139 | ||
| 710 | |a Barcelona (Catalunya : Província). |b Gerència de Serveis d'Educació |9 52167 | ||
| 710 | 2 | |a Centre de Formació d'Adults Can Batlló |9 55011 | |
| 901 | |a Arxiu | ||
| 942 | |n 1 | ||
| 952 | |0 0 |1 0 |4 0 |6 BIB63 |7 1 |9 55802 |a Arxiu |b Arxiu |d 2016-12-01 |l 0 |o Bib-63 |p 23825 |r 2016-12-01 00:00:00 |w 2016-12-01 |y ARXIU | ||
| 999 | |c 59675 |d 59675 | ||